| 000 | 00640cab a2200229 4500 | ||
|---|---|---|---|
| 001 | WB3328-18 | ||
| 008 | 090401t1997 xxu||||| |||| 00| 0 eng d | ||
| 035 | _a(Sirsi) u79627 | ||
| 041 | _aeng | ||
| 245 | _aNewcastle tops with workers | ||
| 260 | _c1997 | ||
| 350 | _a0 | ||
| 490 |
_aGuardian _v14 July 1997, 7(1) |
||
| 520 | _aNewcastle has been voted by office workers as the best city for work and play according to a survey by Healey & Baker. | ||
| 650 | _aNEWCASTLE UPON TYNE | ||
| 650 | _aQUALITY OF LIFE | ||
| 650 | _aRANKING | ||
| 650 | _aSURVEY | ||
| 690 | _aECONOMIC AND SOCIAL | ||
| 942 | _n0 | ||
| 948 | _c15/07/1997 | ||
| 999 |
_c50075 _d50075 |
||